[Event "4NCL 2016-17"]
[Site "Telford ENG"]
[Date "2017.04.29"]
[Round "9.57"]
[White "Eames,R"]
[Black "Henderson,David"]
[Result "0-1"]
[WhiteElo "2201"]
[BlackElo "2079"]

1.e4 e5 2.Nf3 Nc6 3.Bc4 Nf6 4.Ng5 d5 5.exd5 Na5 6.Bb5+ c6 7.dxc6 bxc6 8.Bd3 h6
9.Ne4 Nd5 10.g3 Be7 11.O-O O-O 12.Re1 f5 13.Nec3 Bc5 14.Rxe5 Bd4 15.Re1 f4
16.Ne4 fxg3 17.hxg3 Bf5 18.Nbc3 Qc7 19.Rf1 Rae8 20.b4 Bxe4 21.Nxe4 Rxe4 22.Kg2
Nf4+ 23.gxf4 Qxf4 24.Bxe4 Qxe4+ 25.Kg3 Be5+ 26.f4 Bxf4+ 27.Kh3 h5 28.d3 Qf5+
29.Kg2 Qg5+ 30.Kf3 Bxc1+ 31.Ke4 Qe3# 0-1

[Event "4NCL 2016-17"]
[Site "Telford ENG"]
[Date "2017.04.29"]
[Round "9.62"]
[White "Plueg,A"]
[Black "Maciol,R"]
[Result "1-0"]
[WhiteElo "2274"]
[BlackElo "2118"]

1.d4 Nf6 2.Nf3 e6 3.Bf4 b6 4.h3 Bb7 5.e3 Be7 6.Be2 O-O 7.O-O d6 8.a4 a6 9.Nbd2
c5 10.c3 cxd4 11.exd4 Nc6 12.Re1 Qc7 13.Bf1 Rfe8 14.Bh2 Bf8 15.Nc4 b5 16.Ne3
Na7 17.Nd2 Qb6 18.Qb3 Nd7 19.a5 Qc7 20.c4 Nc6 21.d5 Nxa5 22.Qc3 Nxc4 23.dxe6
Nc5 24.exf7+ Qxf7 25.Nexc4 bxc4 26.Bxc4 d5 27.Ba2 Kh8 28.Be5 Qg6 29.Bd4 Nd3
30.Rxe8 Rxe8 31.Bb1 Bb4 32.Bxd3 Bxc3 33.Bxg6 {#r} 1-0

[Event "4NCL 2016-17"]
[Site "Telford ENG"]
[Date "2017.04.29"]
[Round "9.63"]
[White "Pedersen,Ca"]
[Black "Player,E"]
[Result "0-1"]
[WhiteElo "2142"]
[BlackElo "2222"]

1.e4 e6 2.d4 d5 3.Nd2 c5 4.exd5 exd5 5.Ngf3 Nc6 6.Bb5 Bd6 7.O-O Ne7 8.dxc5
Bxc5 9.Nb3 Bb6 10.Bg5 O-O 11.Nbd4 Qd6 12.Re1 Ng6 13.c3 Bg4 14.Qd3 f6 15.Bh4
Nxd4 16.Bg3 Nxf3+ 17.gxf3 Ne5 18.Rxe5 fxe5 19.fxg4 Rad8 20.Kg2 Qf6 21.Rf1 e4
22.Qd1 Kh8 23.Be2 Bc5 24.Qb3 Rf7 25.Qb5 Qb6 26.Qxb6 Bxb6 27.f3 a6 28.Rd1 e3
29.Be5 d4 30.cxd4 Rfd7 31.Rd3 Bxd4 32.Bxd4 Rxd4 33.Rxe3 Rd2 34.Kg3 Rxb2 35.Bc4
b5 36.Bf7 Rbd2 37.h4 R2d7 38.Bb3 a5 39.Re5 Rb7 40.a3 Rbb8 {#R} 0-1

[Event "4NCL 2016-17"]
[Site "Telford ENG"]
[Date "2017.04.29"]
[Round "9.78"]
[White "Regan,N"]
[Black "Jameson,D"]
[Result "0-1"]
[WhiteElo "2034"]
[BlackElo "2116"]

1.Nf3 d5 2.c4 d4 3.e3 Nc6 4.b4 dxe3 5.fxe3 Nxb4 6.d4 e5 7.a3 Nc6 8.d5 e4
9.Nfd2 Ne5 10.Nxe4 Qh4+ 11.Nf2 Ng4 12.g3 Nxf2 13.Qf3 Qf6 14.Qxf6 Nxf6 15.Kxf2
Bc5 16.Nc3 Ng4+ 17.Kf3 O-O 18.Ne4 Bb6 19.h3 f5 20.Nc3 Nf6 21.Be2 Bd7 22.a4
Rae8 23.a5 Bc5 24.Rd1 Rf7 25.Nb5 c6 26.Nc3 Rfe7 27.Rd3 Ne4 28.h4 Bd6 29.Rb1
Bxg3 30.Ba3 c5 31.Rxb7 Bxh4 32.Bd1 Nf2 33.Rxd7 Nxd3 34.Rxe7 Bxe7 35.Nb5 Ne5+
36.Kf2 Nxc4 37.Bb3 Nd6 38.Bxc5 Ne4+ {#R} 0-1

[Event "4NCL 2016-17"]
[Site "Telford ENG"]
[Date "2017.04.29"]
[Round "9.81"]
[White "Kwiatkowski,F"]
[Black "Martins,Dav"]
[Result "0-1"]
[WhiteElo "2217"]
[BlackElo "2383"]

1.e4 g6 2.d4 Bg7 3.Nf3 d6 4.Bc4 Nf6 5.Qe2 c6 6.Bb3 O-O 7.O-O Qc7 8.h3 e5
9.dxe5 dxe5 10.Rd1 Na6 11.c3 Nc5 12.Bc2 a5 13.a4 Be6 14.Ng5 Bb3 15.Be3 Bxc2
16.Qxc2 Qe7 17.Nd2 Rfd8 18.Ngf3 b5 19.Bxc5 Qxc5 20.Nb3 Rxd1+ 21.Qxd1 Qb6
22.axb5 Nxe4 23.Qe2 Ng3 24.Qe3 Qxb5 25.c4 Ne2+ 26.Kf1 Qxc4 27.Nbd2 Ng3+ 28.Ke1
Qb4 29.fxg3 e4 30.Nh2 Bxb2 31.Rb1 a4 32.Ng4 a3 33.Qb3 Qxb3 34.Nxb3 Rb8 {#R}
0-1

[Event "4NCL 2016-17"]
[Site "Telford ENG"]
[Date "2017.04.29"]
[Round "9.83"]
[White "Sun Xinyue"]
[Black "Asenov,Pavel"]
[Result "1-0"]
[WhiteElo "2080"]
[BlackElo "2207"]

1.e4 c5 2.Nf3 d6 3.d4 Nf6 4.Nc3 cxd4 5.Nxd4 a6 6.h3 e6 7.g4 d5 8.Bg2 Bb4 9.O-O
Bxc3 10.bxc3 Nxe4 11.c4 O-O 12.cxd5 Nc3 13.Qd3 Nxd5 14.Rb1 Qc7 15.c4 Ne7
16.Ba3 Rd8 17.Rfd1 Nbc6 18.Nxc6 Nxc6 19.Bd6 Qa5 20.c5 Qxa2 21.Be4 h6 22.Qc3
Qa5 23.Qb3 Re8 24.Qf3 e5 25.Rb6 Qa4 26.Bd5 Be6 27.Rxb7 Nd4 28.Rxd4 exd4
29.Bxe6 Rf8 30.Bxf8 Rxf8 31.Rxf7 {#r} 1-0

[Event "4NCL 2016-17"]
[Site "Telford ENG"]
[Date "2017.04.29"]
[Round "9.84"]
[White "Aguiar,H"]
[Black "Guthrie,D"]
[Result "0-1"]
[WhiteElo "2186"]
[BlackElo "2192"]

1.e4 c5 2.Nf3 e6 3.d3 b5 4.g3 Bb7 5.Bg2 d6 6.O-O Nf6 7.Re1 Nbd7 8.c3 Be7
9.Nbd2 O-O 10.d4 e5 11.d5 Ne8 12.Nf1 f5 13.exf5 Rxf5 14.h4 Nc7 15.Ng5 Bxg5
16.hxg5 Qf8 17.Qc2 Nxd5 18.Bxd5+ Bxd5 19.Ne3 e4 20.Nxd5 Rxd5 21.Qxe4 Re5 {#R}
0-1

[Event "4NCL 2016-17"]
[Site "Telford ENG"]
[Date "2017.04.29"]
[Round "9.85"]
[White "Foord,D"]
[Black "Rawlinson,A"]
[Result "1-0"]
[WhiteElo "2099"]
[BlackElo "2208"]

1.d4 g6 2.e4 Bg7 3.Nf3 d6 4.c3 Nf6 5.Bd3 O-O 6.O-O Nc6 7.Re1 e5 8.Nbd2 h6 9.h3
a6 10.Nf1 Nh5 11.d5 Ne7 12.c4 b6 13.b4 a5 14.bxa5 Rxa5 15.Bd2 Ra8 16.a4 Nf4
17.Bc2 g5 18.Ne3 Neg6 19.Nf5 Qf6 20.Ra3 Ba6 21.Nh2 Kh7 22.Ng4 Qd8 23.g3 Nxh3+
24.Kg2 h5 25.Kxh3 hxg4+ 26.Qxg4 Rh8 27.Kg2 Bxc4 28.Bxg5 Bf6 29.Rh1+ Kg8
30.Rxh8+ Kxh8 31.Bxf6+ Qxf6 32.Rc3 b5 33.axb5 Nf4+ 34.gxf4 {#r} 1-0

[Event "4NCL 2016-17"]
[Site "Telford ENG"]
[Date "2017.04.29"]
[Round "9.87"]
[White "Gilfillan,Andrew"]
[Black "Hayward,Philip"]
[Result "1-0"]
[WhiteElo "1973"]
[BlackElo "1916"]

1.d4 f5 2.Bg5 g6 3.e3 Bg7 4.h4 h6 5.Bf4 Nf6 6.Nc3 d6 7.Nf3 O-O 8.Bc4+ e6 9.Qe2
Qe7 10.O-O-O a6 11.a3 b5 12.Ba2 Nc6 13.h5 g5 14.Nxg5 hxg5 15.Bxg5 b4 16.axb4
Nxb4 17.Bb3 d5 18.h6 Bh8 19.g4 Qd7 20.gxf5 exf5 21.e4 c6 22.e5 Nh7 23.f4 Nxg5
24.Rdg1 Kh7 25.Rxg5 Qe8 26.Qg2 Ra7 27.Rg7+ {#r} 1-0

[Event "Bundesliga 2016-17"]
[Site "Berlin GER"]
[Date "2017.04.29"]
[Round "13.1"]
[White "Rau,H"]
[Black "Spitzl,Vinzent"]
[Result "1-0"]
[WhiteElo "2474"]
[BlackElo "2146"]
[EventType "team"]

1.c4 e6 2.Nc3 d5 3.d4 Nf6 4.cxd5 exd5 5.Bg5 c6 6.e3 Be7 7.Bd3 Nbd7 8.Nge2 Nh5
9.Bxe7 Qxe7 10.Qc2 g6 11.O-O-O Nb6 12.Kb1 Be6 13.Na4 Nxa4 14.Qxa4 Qd7 15.f3
O-O 16.g4 Ng7 17.h4 f5 18.h5 fxg4 19.hxg6 hxg6 20.Nf4 Bf5 21.fxg4 Bxd3+
22.Nxd3 Qxg4 23.Qc2 Qe4 24.Qh2 Nh5 25.Ka1 Kg7 26.Rhg1 Nf6 27.Nc5 Qe7 28.Qg3
Rg8 29.Qxg6+ Kh8 30.Rh1+ Nh7 31.Qh6 Qg7 32.Qh3 Rae8 33.Nd3 Re7 34.Ne5 Qg3
35.Qh5 Rgg7 36.Rdf1 Kg8 37.Qf5 Re8 38.a3 Qg2 39.Ka2 Qg3 40.Rhg1 Rxe5 41.Qc8+
{#r} 1-0

[Event "Bundesliga 2016-17"]
[Site "Berlin GER"]
[Date "2017.04.29"]
[Round "13.1"]
[White "Nothnagel,Marian Can"]
[Black "Boguslavskyy,O"]
[Result "0-1"]
[WhiteElo "1991"]
[BlackElo "2435"]
[EventType "team"]

1.e4 c5 2.Nf3 Nc6 3.d4 cxd4 4.Nxd4 Nf6 5.Nc3 e5 6.Ndb5 d6 7.Bg5 a6 8.Na3 b5
9.Nd5 Be7 10.Bxf6 Bxf6 11.c4 b4 12.Nc2 Rb8 13.b3 O-O 14.h4 Be7 15.g3 Be6
16.Nce3 Nd4 17.Bg2 Qd7 18.O-O g6 19.h5 Bd8 20.f4 f5 21.exf5 gxf5 22.Kh2 Qg7
23.Bh3 Kh8 24.Rc1 h6 25.Rg1 Rg8 26.c5 Qf7 27.fxe5 dxe5 28.Nf4 Bg5 29.Nc4 Bxf4
30.gxf4 Rxg1 31.Kxg1 Rg8+ 32.Kf2 Qf6 33.Nxe5 Qh4+ 34.Ke3 Qxh3+ {#R} 0-1

[Event "Bundesliga 2016-17"]
[Site "Berlin GER"]
[Date "2017.04.29"]
[Round "13.2"]
[White "Nijboer,F"]
[Black "Gledura,B"]
[Result "0-1"]
[WhiteElo "2546"]
[BlackElo "2585"]
[EventType "team"]

1.e4 e5 2.Nf3 Nc6 3.Bc4 Bc5 4.c3 Nf6 5.d3 d6 6.O-O h6 7.b4 Bb6 8.a4 a5 9.b5
Ne7 10.Nbd2 O-O 11.Re1 Ng6 12.d4 c6 13.bxc6 bxc6 14.Ba3 Re8 15.Qc2 d5 16.exd5
cxd5 17.Bb5 Bd7 18.Bxd7 Qxd7 19.Rab1 Qc7 20.Nxe5 Bxd4 21.Nxg6 fxg6 22.Nf3 Qxc3
23.Qxc3 Bxc3 24.Red1 Rac8 25.Kf1 Re4 26.Rbc1 Rxa4 27.Bb2 Rac4 28.Bxc3 Rxc3
29.Rxc3 Rxc3 30.Ra1 Rc5 31.Ke2 Rc2+ 32.Ke3 Ng4+ 33.Kf4 Rc4+ 34.Kg3 a4 35.h3
Nf6 36.Ne5 Re4 37.Nxg6 Nh5+ 38.Kh2 Kf7 39.Nh8+ Kf6 40.Rb1 a3 {#R} 0-1

[Event "Bundesliga 2016-17"]
[Site "Berlin GER"]
[Date "2017.04.29"]
[Round "13.3"]
[White "Commercon,S"]
[Black "Naiditsch,A"]
[Result "0-1"]
[WhiteElo "2266"]
[BlackElo "2684"]
[EventType "team"]

1.d4 Nf6 2.c4 g6 3.g3 Bg7 4.Bg2 O-O 5.Nc3 d6 6.Nf3 Nbd7 7.O-O e5 8.e4 Re8 9.h3
exd4 10.Nxd4 Nc5 11.Re1 Bd7 12.Bf4 h6 13.g4 h5 14.Bg5 hxg4 15.hxg4 Bxg4 16.Qd2
Qd7 17.Re3 Nh5 18.f3 Bxd4 19.Qxd4 Ne6 20.Qd1 Nxg5 21.fxg4 Nf6 22.e5 c6 23.Qe2
dxe5 24.Rd1 Qxg4 25.Qf2 Nh5 {#R} 0-1

[Event "Bundesliga 2016-17"]
[Site "Berlin GER"]
[Date "2017.04.29"]
[Round "13.3"]
[White "Movsesian,S"]
[Black "Kraemer,Enrico"]
[Result "1-0"]
[WhiteElo "2677"]
[BlackElo "2209"]
[EventType "team"]

1.e4 c5 2.Nf3 Nc6 3.Nc3 e5 4.Bc4 d6 5.d3 Be7 6.O-O h6 7.a3 Nf6 8.h3 O-O 9.Nh2
Be6 10.Nd5 Nd7 11.Ba2 Rc8 12.f4 exf4 13.Bxf4 Nde5 14.c3 Bg5 15.Bg3 Bh4 16.Bxh4
Qxh4 17.Rf2 Qg3 18.d4 cxd4 19.cxd4 Ng6 20.Nf1 Qh4 21.Nc3 Bxa2 22.Rxa2 b6
23.Ne3 Nge7 24.Ra1 Rcd8 25.Qd3 f5 26.Raf1 fxe4 27.Qc4+ d5 28.Ncxd5 Nxd5
29.Rxf8+ {#r} 1-0

[Event "Bundesliga 2016-17"]
[Site "Berlin GER"]
[Date "2017.04.29"]
[Round "13.3"]
[White "Nielsen,PH"]
[Black "Mager,D"]
[Result "1-0"]
[WhiteElo "2645"]
[BlackElo "2224"]
[EventType "team"]

1.e4 c5 2.Nf3 d6 3.d4 cxd4 4.Nxd4 Nf6 5.Nc3 a6 6.a3 e6 7.g4 h6 8.Bg2 Be7 9.Be3
Qc7 10.h4 Nfd7 11.Qe2 Nc6 12.O-O-O Rb8 13.f4 b5 14.g5 hxg5 15.hxg5 Rxh1
16.Rxh1 Nf8 17.Kb1 Nxd4 18.Bxd4 g6 19.Rh8 b4 20.axb4 Rxb4 21.Bg7 Qb6 22.Nd1 d5
23.exd5 Rxf4 24.Qe3 Qxe3 25.Nxe3 Bc5 26.d6 Bxd6 27.Bc6+ {#r} 1-0

[Event "Bundesliga 2016-17"]
[Site "Berlin GER"]
[Date "2017.04.29"]
[Round "13.4"]
[White "Richter,Mic"]
[Black "Mista,A"]
[Result "1-0"]
[WhiteElo "2505"]
[BlackElo "2588"]
[EventType "team"]

1.d4 Nf6 2.Nf3 e6 3.e3 c5 4.Bd3 b6 5.O-O Bb7 6.c4 Be7 7.Nc3 O-O 8.d5 exd5
9.cxd5 d6 10.e4 Ba6 11.Re1 Bxd3 12.Qxd3 Nbd7 13.h3 Ne8 14.Bf4 Bf6 15.Rad1 Qe7
16.e5 Bxe5 17.Bxe5 dxe5 18.d6 Qe6 19.Nd5 Qxd6 20.Ng5 g6 21.Ne4 Qe6 22.Ng5 Qd6
23.Qe4 h6 24.Nf4 Qb8 25.Nxg6 hxg5 26.Ne7+ Kh8 27.Rxd7 Nf6 28.Qf3 Nh7 29.Qf5 b5
30.Red1 Qe8 31.R1d6 Rg8 32.Nxg8 Kxg8 33.Rh6 Nf8 34.Qf6 Qxd7 35.Qh8# 1-0

[Event "Bundesliga 2016-17"]
[Site "Berlin GER"]
[Date "2017.04.29"]
[Round "13.4"]
[White "Muse,D"]
[Black "Lauber,A"]
[Result "0-1"]
[WhiteElo "2358"]
[BlackElo "2434"]
[EventType "team"]

1.d4 Nf6 2.Nf3 e6 3.e3 b6 4.Bd3 Bb7 5.O-O d5 6.b3 Nbd7 7.Bb2 Bd6 8.c4 O-O
9.Nc3 a6 10.Rc1 Ne4 11.Na4 f5 12.Ne5 dxc4 13.bxc4 Nxe5 14.dxe5 Bb4 15.Qe2 Nd2
16.Rfd1 Qe8 17.Nc3 Qg6 18.f4 Nf3+ 19.Kh1 Nh4 20.Rg1 Rad8 21.Rcd1 Rd7 22.Bc2
Rfd8 23.Rxd7 Rxd7 24.Nb1 Rd8 25.a3 Ba5 26.Bc1 h6 27.Bb2 c5 28.Bc1 h5 29.e4
fxe4 30.Nd2 Bxd2 31.Bxd2 Qg4 32.Qf2 Nf5 33.Be3 h4 34.Re1 h3 35.gxh3 Qxh3
36.Qg1 {#R} 0-1

[Event "Bundesliga 2016-17"]
[Site "Berlin GER"]
[Date "2017.04.29"]
[Round "13.5"]
[White "Rapport,R"]
[Black "Berelowitsch,A"]
[Result "1-0"]
[WhiteElo "2729"]
[BlackElo "2528"]
[EventType "team"]

1.e4 e6 2.d4 d5 3.e5 c5 4.c3 Nc6 5.Nf3 Bd7 6.Be2 Nge7 7.Na3 Nf5 8.Nc2 cxd4
9.cxd4 Qb6 10.O-O Nb4 11.Ne3 Nxe3 12.fxe3 Be7 13.a3 Nc6 14.b4 Nd8 15.Ne1 O-O
16.Nd3 Bb5 17.Bd2 f5 18.exf6 Bxf6 19.Nc5 Bxe2 20.Qxe2 Rf7 21.Qg4 Qb5 22.Rac1
Rc8 23.a4 Qe8 24.b5 Rcc7 25.h3 e5 26.e4 b6 27.exd5 bxc5 28.d6 Rcd7 29.dxc5 Ne6
30.Be3 Rf8 31.Qb4 Qd8 32.Qc4 Re8 33.Rcd1 Kh8 34.Bc1 Nd4 35.Ba3 Qc8 36.c6 Red8
37.Qd5 Re7 38.d7 Rexd7 39.cxd7 Rxd7 40.Qe4 h6 41.Rc1 {#r} 1-0

[Event "Bundesliga 2016-17"]
[Site "Berlin GER"]
[Date "2017.04.29"]
[Round "13.5"]
[White "Zwirs,Nico"]
[Black "Nikolic,Pr"]
[Result "0-1"]
[WhiteElo "2367"]
[BlackElo "2622"]
[EventType "team"]

1.e4 e5 2.Nf3 Nc6 3.d4 exd4 4.Nxd4 Nxd4 5.Qxd4 Ne7 6.Be3 Nc6 7.Qd2 Qf6 8.Nc3
Bb4 9.Bd3 b6 10.O-O Bxc3 11.bxc3 Bb7 12.f4 Qe7 13.e5 O-O-O 14.c4 f6 15.exf6
gxf6 16.Rfe1 Rhg8 17.Bf1 f5 18.Rab1 Qf6 19.c5 d5 20.cxb6 axb6 21.c3 d4 22.cxd4
Nxd4 23.Bxd4 Rxd4 24.Qc3 Qd6 25.Re6 Qxe6 26.Qxd4 Qxa2 27.Rb2 Qe6 28.Re2 Be4
29.Qa4 Qd5 30.Qa6+ Kb8 31.Ra2 Qd4+ 32.Kh1 Bb7 33.Qa7+ Kc8 34.h3 Rg3 35.Kh2
Qxf4 36.Kg1 Rc3 37.Ra1 Rxh3 38.Ra2 Qh2+ 39.Kf2 Rf3+ 40.Ke1 Qg3+ {#R} 0-1

[Event "Bundesliga 2016-17"]
[Site "Berlin GER"]
[Date "2017.04.29"]
[Round "13.5"]
[White "Buckels,Valentin"]
[Black "Handke,F"]
[Result "1-0"]
[WhiteElo "2273"]
[BlackElo "2514"]
[EventType "team"]

1.d4 Nf6 2.c4 g6 3.Nf3 Bg7 4.g3 d5 5.cxd5 Nxd5 6.Bg2 Nb6 7.Nc3 Nc6 8.e3 O-O
9.O-O Re8 10.h3 a5 11.d5 Nb4 12.e4 c6 13.a3 Na6 14.Be3 Nc4 15.Bd4 e5 16.dxe6
f6 17.b3 c5 18.bxc4 cxd4 19.Nd5 Bxe6 20.Nxd4 Bf7 21.Rb1 Nc5 22.Qc2 Ra6 23.Rfd1
Rd6 24.Rb5 b6 25.Kh2 Rf8 26.Rbb1 Kh8 27.Nb5 Rd7 28.Nbc3 f5 29.exf5 gxf5 30.f4
Rd6 31.Nxb6 Rxd1 32.Nxd1 Qd4 33.Nd5 Ne4 34.N1e3 Bg6 35.a4 Re8 36.h4 h5 37.Re1
Nc3 38.Qc1 Nxa4 39.Nxf5 Rxe1 40.Qxe1 Qa1 41.Qe6 Kh7 42.Nde7 {#r} 1-0

[Event "Bundesliga 2016-17"]
[Site "Berlin GER"]
[Date "2017.04.29"]
[Round "13.6"]
[White "Hertneck,G"]
[Black "Johansson,Linus"]
[Result "1-0"]
[WhiteElo "2476"]
[BlackElo "2399"]
[EventType "team"]

1.d4 Nf6 2.c4 e6 3.Nf3 b6 4.g3 Bb7 5.Bg2 Be7 6.O-O O-O 7.Nc3 Ne4 8.Bd2 f5 9.d5
Bf6 10.Qc2 Na6 11.Nxe4 fxe4 12.Qxe4 exd5 13.cxd5 Qe8 14.Qc4 Bxb2 15.Ng5 Bxa1
16.d6+ Kh8 17.Bxb7 Rb8 18.Qxa6 Be5 19.dxc7 Bxc7 20.Qd3 g6 21.Bd5 Be5 22.f4 Bg7
23.Bb4 Rf6 24.Ne4 Rf5 25.Nd6 Rxd5 26.Qxd5 Qe3+ 27.Kh1 h5 28.Nf7+ Kh7 29.f5 Kg8
30.Ng5+ Kh8 31.fxg6 {#r} 1-0

[Event "Bundesliga 2016-17"]
[Site "Berlin GER"]
[Date "2017.04.29"]
[Round "13.7"]
[White "Postny,E"]
[Black "Neef,M"]
[Result "1-0"]
[WhiteElo "2611"]
[BlackElo "2443"]
[EventType "team"]

1.d4 Nf6 2.c4 g6 3.Nc3 Bg7 4.e4 d6 5.Nf3 O-O 6.h3 e5 7.d5 a5 8.g4 Na6 9.Be3 c6
10.Nd2 Nc5 11.Be2 a4 12.g5 Nfd7 13.h4 Qa5 14.a3 f5 15.h5 fxe4 16.Kf1 cxd5
17.Nxd5 Rf7 18.hxg6 hxg6 19.Rh4 Qd8 20.Nc3 Ra6 21.Ndxe4 Nb3 22.c5 Nxa1 23.Bxa6
bxa6 24.Nxd6 Nf8 25.Qxa1 Ra7 26.Nxc8 Qxc8 27.Qa2+ Ne6 28.Qd5 Re7 29.c6 Rc7
30.Rc4 Kh7 31.Qh1+ Kg8 32.Nd5 Rf7 33.c7 Nxc7 34.Nxc7 Qf5 35.Qa8+ Bf8 36.Qd5
Qh3+ 37.Ke1 {#r} 1-0

[Event "Bundesliga 2016-17"]
[Site "Berlin GER"]
[Date "2017.04.29"]
[Round "13.7"]
[White "Moehn,H"]
[Black "Cornette,M"]
[Result "0-1"]
[WhiteElo "2386"]
[BlackElo "2599"]
[EventType "team"]

1.Nf3 Nf6 2.g3 g6 3.b3 Bg7 4.Bb2 d6 5.d4 c5 6.c4 Ne4 7.Nc3 Qa5 8.Rc1 Nc6 9.e3
O-O 10.Bg2 Bg4 11.O-O Ng5 12.Na4 cxd4 13.exd4 Nxd4 14.Bxd4 Bxd4 15.Qxd4 Nxf3+
16.Bxf3 Bxf3 17.h3 Qf5 18.Kh2 Rfd8 19.Nc3 e6 20.Rfe1 Bc6 21.Qe3 h5 22.Rcd1 a6
23.Rd4 e5 24.Rd2 b5 25.Nd5 Bxd5 26.Rxd5 bxc4 27.bxc4 Rac8 28.Rc1 h4 29.g4 Qf6
30.c5 dxc5 31.Rcxc5 Rxc5 32.Rxc5 e4 33.Kg2 Qe6 34.Qg5 Re8 35.Qd2 Rb8 36.Rc3
Qf6 37.Qc2 Kg7 38.a3 Rb6 39.Qc1 Kh7 40.Qc2 e3 41.fxe3 Qe5 42.e4 Qb8 {#R} 0-1

[Event "Bundesliga 2016-17"]
[Site "Berlin GER"]
[Date "2017.04.29"]
[Round "13.8"]
[White "Lampert,J"]
[Black "Werle,J"]
[Result "0-1"]
[WhiteElo "2500"]
[BlackElo "2555"]
[EventType "team"]

1.d4 Nf6 2.c4 e6 3.g3 d5 4.Nf3 Bb4+ 5.Bd2 Bd6 6.Nc3 O-O 7.Bg2 c6 8.Bg5 h6
9.Bxf6 Qxf6 10.O-O Qd8 11.e4 dxc4 12.Nd2 e5 13.Nxc4 exd4 14.Qxd4 Bc7 15.Rad1
Qxd4 16.Rxd4 Nd7 17.Nd6 Ne5 18.Nxc8 Raxc8 19.Rfd1 b5 20.Kf1 Bb6 21.R4d2 g5
22.a4 b4 23.Na2 c5 24.Rd5 Rfe8 25.b3 c4 26.bxc4 Rxc4 27.a5 Bc5 28.Nc1 Rc2
29.R5d2 Rc3 30.Nd3 Nc4 31.Re2 Rd8 32.Nb2 Rxd1+ 33.Nxd1 Rc1 34.Re1 b3 35.Ke2
Rc2+ 36.Kf1 b2 {#R} 0-1

[Event "Bundesliga 2016-17"]
[Site "Berlin GER"]
[Date "2017.04.29"]
[Round "13.8"]
[White "Heinemann,T"]
[Black "Koop,Tho"]
[Result "1-0"]
[WhiteElo "2466"]
[BlackElo "2423"]
[EventType "team"]

1.e4 c5 2.Nf3 e6 3.d3 d5 4.Qe2 Nf6 5.g3 Be7 6.Bg2 Nc6 7.O-O O-O 8.e5 Nd7 9.c4
d4 10.h4 Qc7 11.Bf4 Rb8 12.Na3 a6 13.h5 b5 14.Rfe1 Re8 15.Nh2 Na5 16.Ng4 Bb7
17.Bxb7 Qxb7 18.Bd2 Qc7 19.b3 bxc4 20.Bxa5 Qxa5 21.Nxc4 Qc7 22.h6 g6 23.Qd2 f5
24.exf6 Nxf6 25.Qe2 Bd8 26.Nxf6+ Bxf6 27.f4 Qc6 28.Qg4 Qd5 29.Ne5 Bxe5 30.Rxe5
Qd6 31.Rc1 Rb5 32.Qg5 Rf8 33.Rexc5 Rf5 34.Rc8+ Rf8 35.Qf6 {#r} 1-0

[Event "Frauenbundesliga 2016-17"]
[Site "Germany GER"]
[Date "2017.04.29"]
[Round "9.3"]
[White "Waechter,Nathalie"]
[Black "Baciu,D"]
[Result "0-1"]
[WhiteElo "2042"]
[BlackElo "2293"]

1.d4 d5 2.c4 e6 3.Nc3 Nf6 4.cxd5 exd5 5.Bg5 Bb4 6.Nf3 h6 7.Bxf6 Qxf6 8.Qb3 c5
9.e3 Nc6 10.dxc5 Be6 11.Bb5 Bxc5 12.Qa4 O-O 13.O-O Rac8 14.Rfd1 Rfd8 15.Rac1
Ne5 16.Be2 Nc4 17.Bxc4 dxc4 18.Ne4 Rxd1+ 19.Rxd1 Qxb2 20.Nxc5 Rxc5 21.Nd4 Kh7
22.Nxe6 fxe6 23.g4 Qe2 24.h3 b5 {#R} 0-1

[Event "Frauenbundesliga 2016-17"]
[Site "Germany GER"]
[Date "2017.04.29"]
[Round "9.2"]
[White "Mkrtchian,L"]
[Black "Movsesian,Julia"]
[Result "1-0"]
[WhiteElo "2439"]
[BlackElo "2322"]

1.Nf3 d5 2.g3 c6 3.Bg2 Bg4 4.c4 e6 5.cxd5 exd5 6.d3 Nf6 7.O-O Be7 8.Qb3 Qb6
9.Qc2 Nbd7 10.Nc3 O-O 11.e4 dxe4 12.dxe4 Rfe8 13.Be3 Qa5 14.Nd4 Bh5 15.h3 Bg6
16.f4 h6 17.Nb3 Qc7 18.Rad1 Bf8 19.f5 Bh7 20.Bf4 Ne5 21.g4 a5 22.Kh1 Qe7 23.a4
Nfd7 24.Rd4 Nc5 25.Rfd1 Qh4 26.Nxc5 Bxc5 27.Bxe5 Rxe5 28.Rd7 b6 29.Qd3 Ree8
30.Ne2 Qf6 31.Qb3 Rf8 32.Nf4 Rae8 33.Qc3 Qh4 34.Nd3 Be3 35.e5 Qg3 36.Qxc6 Qh4
37.Qf3 Qg5 38.Re1 Bd2 39.Re2 Rc8 40.Qf2 Rc2 41.Bf3 {#r} 1-0

[Event "Frauenbundesliga 2016-17"]
[Site "Germany GER"]
[Date "2017.04.29"]
[Round "9.3"]
[White "Cmilyte,V"]
[Black "Heinatz,G"]
[Result "1-0"]
[WhiteElo "2538"]
[BlackElo "2201"]

1.d4 Nf6 2.c4 g6 3.Nf3 Bg7 4.g3 O-O 5.Bg2 d6 6.O-O c6 7.Nc3 Bf5 8.Ne1 Na6 9.e4
Bg4 10.f3 Be6 11.b3 Nc7 12.Nc2 Qc8 13.Qe2 a6 14.f4 Bh3 15.e5 Nfe8 16.Bxh3 Qxh3
17.f5 c5 18.Ne4 cxd4 19.f6 exf6 20.exf6 Bh8 21.Nxd4 Ne6 22.Be3 Rd8 23.Nf2 Nxd4
24.Bxd4 Qd7 25.Qf3 d5 26.Rad1 Qc6 27.cxd5 Rxd5 28.Rc1 Qd7 29.Bb2 h5 30.Rfd1
Nc7 31.Kg2 Rd8 32.Rxc7 Rxd1 33.Rxd7 R1xd7 34.Bc3 Rd5 35.Ne4 Rf5 36.Qe3 Re8
37.Qd3 b5 38.b4 a5 39.bxa5 b4 40.Bxb4 Bxf6 41.Nd6 Rd8 42.Qc4 {#r} 1-0

[Event "Frauenbundesliga 2016-17"]
[Site "Germany GER"]
[Date "2017.04.29"]
[Round "9.1"]
[White "Hapala,L"]
[Black "Boric,E"]
[Result "1-0"]
[WhiteElo "2026"]
[BlackElo "2224"]

1.e4 e6 2.d4 d5 3.Nd2 c5 4.exd5 Qxd5 5.Ngf3 cxd4 6.Bc4 Qd6 7.O-O Nf6 8.Nb3 Nc6
9.Nbxd4 Nxd4 10.Nxd4 Bd7 11.c3 O-O-O 12.Qe2 Qc7 13.Bb5 Bc5 14.Bg5 Bxd4 15.cxd4
Bxb5 16.Qxb5 Rd5 17.Qb3 Kb8 18.Rac1 Qd6 19.Bh4 Ka8 20.Bg3 Qa6 21.Rc7 Rxd4
22.Rfc1 b5 23.h3 Nd5 24.Rxf7 Rc8 25.Rxc8+ Qxc8 26.Qxb5 Nb6 27.Rf8 {#r} 1-0

[Event "Frauenbundesliga 2016-17"]
[Site "Germany GER"]
[Date "2017.04.29"]
[Round "9.5"]
[White "Horvath,Maria AUT"]
[Black "Vidonyak,N"]
[Result "0-1"]
[WhiteElo "1979"]
[BlackElo "2123"]

1.d4 c5 2.d5 e5 3.e4 d6 4.Nc3 a6 5.a4 Be7 6.Nf3 Nf6 7.Be2 Nbd7 8.Nd2 b6 9.O-O
Rb8 10.Bc4 Nf8 11.Qe2 Ra8 12.Nd1 Ng6 13.c3 Nf4 14.Qe1 Rb8 15.b4 b5 16.axb5
axb5 17.Be2 c4 18.f3 Qb6+ 19.Kh1 N6h5 20.g3 Nxe2 21.Qxe2 Bh3 22.Rf2 g6 23.Nb1
O-O 24.Be3 Qd8 25.Ra5 f5 26.exf5 gxf5 27.Ba7 Rb7 28.Qa2 Bg5 29.Qa1 f4 30.g4
Nf6 31.Nd2 Qd7 32.Re2 Nxg4 33.fxg4 Qxg4 34.Rf2 Bh4 35.Ne3 fxe3 36.Rxf8+ Kxf8
37.Qg1 exd2 {#R} 0-1

[Event "ch-CHN 2017"]
[Site "Xinghua CHN"]
[Date "2017.04.28"]
[Round "6.2"]
[White "Wei Yi"]
[Black "Fang,Yan"]
[Result "1-0"]
[WhiteElo "2727"]
[BlackElo "2447"]

1.e4 c5 2.Nf3 e6 3.Nc3 a6 4.Be2 b5 5.d4 Bb7 6.d5 Nf6 7.Bg5 h6 8.Bxf6 Qxf6
9.O-O d6 10.dxe6 fxe6 11.e5 dxe5 12.Nd2 Nc6 13.a4 O-O-O 14.axb5 axb5 15.Bxb5
Nb4 16.Qe2 Be7 17.Nde4 Qg6 18.Ra7 Rd4 19.Rfa1 Rhd8 20.Rxb7 Kxb7 21.Ba6+ {#r}
1-0

[Event "ch-CHN w 2017"]
[Site "Xinghua CHN"]
[Date "2017.04.28"]
[Round "6.6"]
[White "Xiao,Yiyi"]
[Black "Tan Zhongyi"]
[Result "0-1"]
[WhiteElo "2290"]
[BlackElo "2508"]

1.Nf3 Nf6 2.c4 e6 3.g3 d5 4.Bg2 dxc4 5.Qa4+ c6 6.Qxc4 b5 7.Qc2 Bb7 8.O-O Nbd7
9.d4 c5 10.Rd1 Rc8 11.Qb3 a6 12.dxc5 Bxc5 13.Be3 Bd5 14.Qd3 Bc4 15.Qd2 O-O
16.Bxc5 Nxc5 17.Nc3 Qc7 18.b3 Bxb3 19.axb3 Nxb3 20.Qb2 Nxa1 21.Rc1 Qa5 22.Nd4
b4 {#R} 0-1